<?xml version="1.0" encoding="UTF-8"?><?xml-stylesheet type="text/xsl" href="static/style.xsl"?><OAI-PMH xmlns="http://www.openarchives.org/OAI/2.0/" xmlns:xsi="http://www.w3.org/2001/XMLSchema-instance" xsi:schemaLocation="http://www.openarchives.org/OAI/2.0/ http://www.openarchives.org/OAI/2.0/OAI-PMH.xsd"><responseDate>2026-06-01T09:55:16Z</responseDate><request verb="GetRecord" identifier="oai:riuma.uma.es:10630/37776" metadataPrefix="marc">https://riuma.uma.es/rest/oai/request</request><GetRecord><record><header><identifier>oai:riuma.uma.es:10630/37776</identifier><datestamp>2026-02-03T10:26:11Z</datestamp><setSpec>com_10630_1685</setSpec><setSpec>col_10630_38055</setSpec></header><metadata><record xmlns="http://www.loc.gov/MARC21/slim" xmlns:dcterms="http://purl.org/dc/terms/" xmlns:doc="http://www.lyncode.com/xoai" xmlns:xsi="http://www.w3.org/2001/XMLSchema-instance" xsi:schemaLocation="http://www.loc.gov/MARC21/slim http://www.loc.gov/standards/marcxml/schema/MARC21slim.xsd">
   <leader>00925njm 22002777a 4500</leader>
   <datafield ind2=" " ind1=" " tag="042">
      <subfield code="a">dc</subfield>
   </datafield>
   <datafield ind2=" " ind1=" " tag="720">
      <subfield code="a">Ramos Pérez, Adrián Miguel</subfield>
      <subfield code="e">author</subfield>
   </datafield>
   <datafield ind2=" " ind1=" " tag="260">
      <subfield code="c">2024-09</subfield>
   </datafield>
   <datafield ind2=" " ind1=" " tag="520">
      <subfield code="a">Aunque existen diversos proyectos de recogida de datos por usuarios ajenos a la comunidad científica, en general las herramientas tecnológicas que utilizan se basan en software creado expresamente para el proyecto. Estos desarrollos suelen obviar principios como la reusabilidad del código y la interoperabilidad de la información. Los proyectos de ciencia ciudadana se enfrentan a una serie de circunstancias que este framework tratará de solucionar. Uno de estos problemas es la gran variabilidad de datos que se pueden recoger y los distintos formatos que pueden adoptar. Otro de los objetivos de este proyecto es plantear herramientas y técnicas que permitan agilizar el desarrollo de futuros proyectos de ciencia ciudadana que utilicen este framework.&#xd;
El tercer objetivo de este proyecto es servir como plataforma para desarrollar herramientas que permitan una mejor automatización de los workflows de investigación científica y la integración de los diversos componentes de software que participan en ellos, simplificándolos y agilizando su desarrollo, reduciendo por tanto el coste económico y en horas de trabajo que suponen a los grupos de investigación tanto su desarrollo como su mantenimiento posterior.</subfield>
   </datafield>
   <datafield ind1="8" ind2=" " tag="024">
      <subfield code="a">https://hdl.handle.net/10630/37776</subfield>
   </datafield>
   <datafield tag="653" ind2=" " ind1=" ">
      <subfield code="a">Participación ciudadana</subfield>
   </datafield>
   <datafield tag="653" ind2=" " ind1=" ">
      <subfield code="a">Bases de datos - Gestión - Proceso de datos</subfield>
   </datafield>
   <datafield tag="653" ind2=" " ind1=" ">
      <subfield code="a">Informática - Trabajos Fin de Grado</subfield>
   </datafield>
   <datafield tag="653" ind2=" " ind1=" ">
      <subfield code="a">Grado en Ingeniería de Computadores - Trabajos Fin de Grado</subfield>
   </datafield>
   <datafield ind2="0" ind1="0" tag="245">
      <subfield code="a">Recogida de datos para ciencia ciudadana</subfield>
   </datafield>
</record>
</metadata></record></GetRecord></OAI-PMH>